000
00263nam a2200109Ia 4500
008
220204s9999 xx 000 0 und d
082
_a
547.915.5
_b
TOP.2
245
0
_a
Topics in lipid chemistry. V 2
260
_a
London
_b
Logos
_c
1971
700
_a
F D
942
_c
BK
999
_c
36065
_d
36065